000 00601nam a22001817a 4500
005 20251108164817.0
008 250721s1992 xx 000 0 ara d
082 1 4 _a616.120754/دوب
100 1 _aحسون، رياض
_eترجمة
245 1 0 _aالتفسير السريع لتخطيط القلب الكهربائي /
264 1 _aدمشق :
_bدار طلاس للدراسات و الترجمه و النشر،
_c1992.
300 _a303ص
650 1 7 _aالقلب
650 1 7 _aأمراض القلب
650 1 7 _aتخطيط القلب الكهربائي
942 _2ddc
_cBK
999 _c14921
_d14921